History Quiz

Random History or Politics Quiz
Score 0/25 Timer 04:00
7 Plays Today
Hint Answer % Correct
Lost the popular voteGeorge W. Bush
98.3%
Are aliveGeorge W. Bush
98.3%
Are aliveBarack Obama
96.9%
Are aliveBill Clinton
96.6%
Are aliveJimmy Carter
91.5%
Have been married multiple timesRonald Reagan
88.3%
Were over 65 when they entered officeRonald Reagan
88.3%
Were born in New York Franklin D. Roosevelt
87.8%
Were born in New York Theodore Roosevelt
86.8%
Have been married multiple timesTheodore Roosevelt
86.8%
Have a 'T' surnameHarry S Truman
81.6%
Have a 'T' surnameWilliam Taft
78.4%
Lost the popular voteJohn Quincy Adams
76.6%
Hint Answer % Correct
Have been married multiple timesJohn Tyler
68.3%
Have a 'T' surnameJohn Tyler
68.3%
Have a 'T' surnameZachary Taylor
67.7%
Have been married multiple timesWoodrow Wilson
59.5%
Were over 65 when they entered officeWilliam Henry Harrison
58.5%
Lost the popular voteBenjamin Harrison
58.5%
Have been married multiple timesBenjamin Harrison
58.4%
Were born in New York Martin Van Buren
52.2%
Lost the popular voteRutherford B. Hayes
45.2%
Were over 65 when they entered officeJames Buchanan
41.6%
Were born in New York Millard Fillmore
41.3%
Have been married multiple timesMillard Fillmore
41.3%
Remove Ads.
Support Sporcle.
Get the best of Sporcle when you Go Orange. This ad-free experience offers more features, more stats, and more fun while also helping to support Sporcle. Thank you for becoming a member.

You're not logged in!

Compare scores with friends on all Sporcle quizzes.
OR
Log In

Sporcle TV

Today on Sporcle TV


Watch our educational content, quiz creation guides, and fun videos on Sporcle TV.

Show Comments

Extras

Top Quizzes Today


Score Distribution

Paid Content

Your Account Isn't Verified!

In order to create a playlist on Sporcle, you need to verify the email address you used during registration. Go to your Sporcle Settings to finish the process.

Report this User

Report this user for behavior that violates our Community Guidelines.

Details: